[Event "LEM Nachwuchs M-V u14 08.-12.02.2020"]
[Site "Aula Fleesenseeschule Malchow"]
[Date "2020.02.10"]
[Round "4.3"]
[White "Breß, Amy Charlize"]
[Black "Subocz, Gabriel"]
[Result "1-0"]
[WhiteElo "1473"]
[BlackElo "1411"]
[PlyCount "94"]
[EventDate "2020.??.??"]
[EventRounds "7"]
[WhiteTeam "SAV Torgelow"]
[BlackTeam "SAV Torgelow"]

1. e4 e5 2. Nf3 Nc6 3. Bb5 a6 4. Ba4 b5 5. Bb3 Nf6 6. O-O Bc5 7. d3 h6 8. c3 d5
9. exd5 Nxd5 10. h3 Bb6 11. Re1 O-O 12. Nxe5 Qf6 13. d4 Nxe5 14. Rxe5 Nf4 15.
Bxf4 Qxf4 16. Qd2 Qf6 17. Qe2 Qg6 18. Qf3 Rb8 19. Qe4 Qxe4 20. Rxe4 Bb7 21. Re7
Rbe8 22. Bxf7+ Rxf7 23. Rxe8+ Kh7 24. Re5 Rf6 25. Nd2 Rg6 26. g3 Bc8 27. Kh2 c6
28. Rae1 Rf6 29. f4 Bc7 30. Re8 Bf5 31. Ne4 Rf7 32. Nc5 a5 33. R8e7 Rxe7 34.
Rxe7 Bd6 35. Re2 a4 36. Kg2 Bb1 37. b3 Bxc5 38. dxc5 Bd3 39. Re3 Bb1 40. bxa4
bxa4 41. Re2 a3 42. Kf2 Bd3 43. Rd2 Bc4 44. Ke3 Kg6 45. Rd6+ Kh7 46. Rxc6 Bxa2
47. Ra6 Be6 1-0

[Event "LEM Nachwuchs M-V u14 08.-12.02.2020"]
[Site "Aula Fleesenseeschule Malchow"]
[Date "2020.02.10"]
[Round "4.4"]
[White "Lippitz, Jaden"]
[Black "Börger, Dan"]
[Result "1/2-1/2"]
[WhiteElo "1337"]
[BlackElo "1431"]
[PlyCount "48"]
[EventDate "2020.??.??"]
[EventRounds "7"]
[WhiteTeam "SG Güstrow"]
[BlackTeam "SC Mecklenburger Springer"]

1. e4 c5 2. Nf3 d6 3. d4 cxd4 4. Nxd4 Nf6 5. Nc3 a6 6. Be3 e5 7. Nf3 h6 8. Qd2
Be7 9. O-O-O Be6 10. h3 Nbd7 11. g4 g5 12. Be2 Qc7 13. Nd5 Bxd5 14. exd5 Rc8
15. Ne1 Nb6 16. h4 Nfxd5 17. hxg5 Nxe3 18. fxe3 Bxg5 19. Qxd6 Bxe3+ 20. Kb1 Bf4
21. Qxc7 Rxc7 22. Nd3 Bg5 23. Nxe5 Re7 24. Rde1 O-O 1/2-1/2

[Event "LEM Nachwuchs M-V u14 08.-12.02.2020"]
[Site "Aula Fleesenseeschule Malchow"]
[Date "2020.02.10"]
[Round "4.5"]
[White "Quade, Luca"]
[Black "Maeno, Yosuke"]
[Result "1/2-1/2"]
[WhiteElo "1414"]
[BlackElo "1330"]
[PlyCount "54"]
[EventDate "2020.??.??"]
[EventRounds "7"]
[WhiteTeam "SF Schwerin"]
[BlackTeam "SF Schwerin"]

1. e4 c5 2. Nf3 Nc6 3. d4 cxd4 4. Nxd4 Nf6 5. Nc3 g6 6. Bc4 Bg7 7. Nf3 d6 8.
O-O O-O 9. Bg5 Bg4 10. h3 Bxf3 11. Qxf3 Ne5 12. Qe2 Nxc4 13. Qxc4 a6 14. Rad1
b5 15. Qe2 Qc7 16. Bxf6 exf6 17. Nd5 Qc5 18. Qd3 Rfe8 19. Nc3 f5 20. exf5 b4
21. Ne4 Qxf5 22. Nxd6 Qxd3 23. Rxd3 Re2 24. Rb3 Rxc2 25. Rxb4 Bxb2 26. Nc4 Bf6
27. Ra4 a5 1/2-1/2

[Event "LEM Nachwuchs M-V u14 08.-12.02.2020"]
[Site "Aula Fleesenseeschule Malchow"]
[Date "2020.02.10"]
[Round "4.6"]
[White "Karff, Tom"]
[Black "Hampe, Tobias"]
[Result "1/2-1/2"]
[WhiteElo "1301"]
[BlackElo "1075"]
[PlyCount "62"]
[EventDate "2020.??.??"]
[EventRounds "7"]
[WhiteTeam "SV Malchow"]
[BlackTeam "Lok Pritzwalk"]

1. e4 e5 2. Nf3 Nc6 3. Bc4 Bc5 4. d3 Nf6 5. Nc3 h6 6. Be3 Bb6 7. O-O O-O 8. Qd2
Ng4 9. h3 Nxe3 10. fxe3 d6 11. d4 exd4 12. exd4 Ne5 13. Bb3 Nxf3+ 14. Rxf3 c5
15. Ne2 Be6 16. Kh1 Bxb3 17. axb3 cxd4 18. Nxd4 Qg5 19. Qxg5 hxg5 20. Nf5 Rac8
21. c3 Rcd8 22. Rg3 g6 23. Rxg5 Kh7 24. Ng3 Be3 25. Rd5 a6 26. Rad1 Bf4 27. Ne2
Be5 28. b4 Rd7 29. c4 Bxb2 30. Rxd6 Rxd6 31. Rxd6 Re8 1/2-1/2

[Event "LEM Nachwuchs M-V u14 08.-12.02.2020"]
[Site "Aula Fleesenseeschule Malchow"]
[Date "2020.02.10"]
[Round "4.7"]
[White "Kirchner, Bao Long Marc"]
[Black "Janssen, Joris Frederik"]
[Result "1/2-1/2"]
[WhiteElo "1222"]
[BlackElo "1291"]
[PlyCount "71"]
[EventDate "2020.??.??"]
[EventRounds "7"]
[WhiteTeam "TuS Makkabi Rostock"]
[BlackTeam "TuS Makkabi Rostock"]

1. e4 c5 2. Nf3 e6 3. d4 cxd4 4. Nxd4 a6 5. c4 Qc7 6. Be3 Nf6 7. Nd2 Be7 8. Bd3
O-O 9. O-O Nc6 10. Ne2 b6 11. h3 Bb7 12. Rc1 d6 13. Qb3 Bd8 14. f4 Nd7 15. f5
Bf6 16. fxe6 Na5 17. Qb4 fxe6 18. Nf4 Rae8 19. Rc2 Nc6 20. Qb3 Nc5 21. Qa3 Nxd3
22. Nxd3 Nd4 23. Bxd4 Bxd4+ 24. Nf2 Rxf2 25. Rxf2 Rf8 26. Nb3 Bxf2+ 27. Rxf2
Rxf2 28. Kxf2 Qxc4 29. Qxd6 Qc2+ 30. Qd2 Qxd2+ 31. Nxd2 Kf7 32. Kf3 Kf6 33. g3
b5 34. Nb3 Bc8 35. Nc5 e5 36. h4 1/2-1/2

[Event "LEM Nachwuchs M-V u14 08.-12.02.2020"]
[Site "Aula Fleesenseeschule Malchow"]
[Date "2020.02.10"]
[Round "4.8"]
[White "Bohndorf, Jonas"]
[Black "Bieschke, Tom"]
[Result "1-0"]
[WhiteElo "1239"]
[BlackElo "1144"]
[PlyCount "55"]
[EventDate "2020.??.??"]
[EventRounds "7"]
[WhiteTeam "SV Gryps"]
[BlackTeam "SG Neubrandenburg"]

1. e4 d6 2. Nf3 Nf6 3. Nc3 g6 4. d4 Bg7 5. Bg5 Nbd7 6. Bc4 b6 7. Qd2 Bb7 8. d5
c5 9. O-O Ng4 10. h3 Nge5 11. Nxe5 Nxe5 12. Bb5+ Nd7 13. Rfe1 O-O 14. Rad1 Ne5
15. Qe3 a6 16. Ba4 Nc4 17. Qc1 b5 18. Bb3 Ne5 19. a3 Qc7 20. Qe3 Bc8 21. f4 Nc4
22. Bxc4 Bd4 23. Rxd4 cxd4 24. Qxd4 bxc4 25. Bh6 e5 26. fxe5 dxe5 27. Qf2 Re8
28. Qf6 1-0

[Event "LEM Nachwuchs M-V u14 08.-12.02.2020"]
[Site "Aula Fleesenseeschule Malchow"]
[Date "2020.02.10"]
[Round "4.9"]
[White "Hägert, Luisa"]
[Black "Klöpzig, Lars Arvid"]
[Result "1-0"]
[WhiteElo "787"]
[BlackElo "1304"]
[PlyCount "21"]
[EventDate "2020.??.??"]
[EventRounds "7"]
[WhiteTeam "SG Güstrow"]
[BlackTeam "SV Gryps"]

1. e4 e5 2. Nf3 Nf6 3. Nxe5 d6 4. Nf3 Nxe4 5. Nc3 Nxc3 6. dxc3 Bg4 7. Bc4 Nc6
8. Be3 Ne5 9. Nxe5 Bxd1 10. Bxf7+ Ke7 11. Bg5# 1-0

[Event "LEM Nachwuchs M-V u14 08.-12.02.2020"]
[Site "Aula Fleesenseeschule Malchow"]
[Date "2020.02.10"]
[Round "4.10"]
[White "Köpnick, Amanda"]
[Black "Wilke, Finja"]
[Result "1-0"]
[WhiteElo "1030"]
[BlackElo "923"]
[PlyCount "65"]
[EventDate "2020.??.??"]
[EventRounds "7"]
[WhiteTeam "TuS Makkabi Rostock"]
[BlackTeam "SAV Torgelow"]

1. e4 e5 2. Nf3 Nc6 3. Bc4 Bc5 4. c3 Nf6 5. d3 d6 6. h3 Qe7 7. O-O Be6 8. Bb3
O-O 9. d4 Bb6 10. d5 Bd7 11. dxc6 Bxc6 12. Bd5 Rad8 13. Bg5 h6 14. Bh4 Rb8 15.
a4 Kh8 16. b4 Rg8 17. a5 g5 18. Qd2 Nxe4 19. Bxe4 Bxe4 20. Qe2 Bxf3 21. Qxf3
gxh4 22. axb6 a6 23. bxc7 Rbc8 24. Qe3 Qg5 25. Qxg5 hxg5 26. g4 Rxc7 27. Rd1 f5
28. f3 fxg4 29. fxg4 Rf7 30. Nd2 Rc8 31. Ne4 Rc4 32. Nxd6 Rf3 33. Nxc4 1-0

[Event "LEM Nachwuchs M-V u14 08.-12.02.2020"]
[Site "Aula Fleesenseeschule Malchow"]
[Date "2020.02.11"]
[Round "5.1"]
[White "Schott, Andy"]
[Black "Tovmasyan, Minas"]
[Result "0-1"]
[WhiteElo "1485"]
[BlackElo "1652"]
[PlyCount "64"]
[EventDate "2020.??.??"]
[EventRounds "7"]
[WhiteTeam "SG Güstrow"]
[BlackTeam "TuS Makkabi Rostock"]

1. c4 e5 2. Nc3 Nc6 3. g3 g6 4. Bg2 Bg7 5. d3 d6 6. Be3 Nge7 7. Nf3 O-O 8. O-O
h6 9. Nh4 g5 10. Nf3 f5 11. h3 Be6 12. a3 a5 13. Rb1 Qd7 14. Bd2 Qe8 15. h4
gxh4 16. Nxh4 Ng6 17. Nf3 f4 18. Nd5 Rc8 19. Nh2 b6 20. gxf4 exf4 21. Qa4 Bd7
22. Qc2 Nd4 23. Qd1 Nxe2+ 24. Kh1 Nd4 25. Re1 Qf7 26. Bc3 f3 27. Bf1 Bf5 28.
Bxd4 Bxd4 29. Qd2 Kh7 30. b4 Ne5 31. Rxe5 Bxe5 32. Re1 Qh5 0-1

[Event "LEM Nachwuchs M-V u14 08.-12.02.2020"]
[Site "Aula Fleesenseeschule Malchow"]
[Date "2020.02.11"]
[Round "5.2"]
[White "Lippitz, Jaden"]
[Black "Breß, Amy Charlize"]
[Result "1-0"]
[WhiteElo "1337"]
[BlackElo "1473"]
[PlyCount "85"]
[EventDate "2020.??.??"]
[EventRounds "7"]
[WhiteTeam "SG Güstrow"]
[BlackTeam "SAV Torgelow"]

1. e4 c5 2. Nf3 e6 3. d4 cxd4 4. Nxd4 a6 5. Nc3 Qc7 6. Be3 Bb4 7. Bd2 Nf6 8.
Bd3 O-O 9. g4 h6 10. h4 Qc5 11. Nb3 Qe5 12. f4 Qc7 13. g5 Nh7 14. gxh6 g6 15.
h5 Kh8 16. hxg6 fxg6 17. Qg4 Rg8 18. e5 Nc6 19. O-O-O b5 20. Bxg6 Ne7 21. Rdg1
Rxg6 22. Qh5 Bb7 23. Rxg6 Nxg6 24. Rg1 Rg8 25. Rxg6 Rxg6 26. Qxg6 Bf8 27. Ne4
Bxe4 28. Qxe4 Qc6 29. Qxc6 dxc6 30. Nd4 Bxh6 31. Nxe6 Nf8 32. Nxf8 Bxf8 33. Kd1
Kg7 34. Ke2 Kg6 35. Kf3 Kf5 36. b3 Bc5 37. a4 Bf8 38. axb5 axb5 39. Ke3 Bc5+
40. Kd3 Bb6 41. c4 Bc5 42. cxb5 cxb5 43. Be3 1-0

[Event "LEM Nachwuchs M-V u14 08.-12.02.2020"]
[Site "Aula Fleesenseeschule Malchow"]
[Date "2020.02.11"]
[Round "5.3"]
[White "Scharf, Christian"]
[Black "Quade, Luca"]
[Result "1-0"]
[WhiteElo "1050"]
[BlackElo "1414"]
[PlyCount "55"]
[EventDate "2020.??.??"]
[EventRounds "7"]
[WhiteTeam "SG Güstrow"]
[BlackTeam "SF Schwerin"]

1. e4 d5 2. exd5 Qxd5 3. Nc3 Qd8 4. d4 g6 5. Nf3 Bg7 6. Be3 Nc6 7. Qd2 Bg4 8.
O-O-O Nf6 9. d5 Bxf3 10. gxf3 Ne5 11. h4 Nxf3 12. Qe2 Ne5 13. h5 Nxh5 14. Rxh5
gxh5 15. Bd4 f6 16. Bxe5 fxe5 17. Qxh5+ Kf8 18. Qf3+ Bf6 19. Ne4 Rg8 20. Nc5
Kf7 21. Qh5+ Rg6 22. Bh3 Qd6 23. Qxh7+ Rg7 24. Be6+ Qxe6 25. dxe6+ Kf8 26. Qh8+
Rg8 27. Nd7+ Ke8 28. Qxg8# 1-0

[Event "LEM Nachwuchs M-V u14 08.-12.02.2020"]
[Site "Aula Fleesenseeschule Malchow"]
[Date "2020.02.11"]
[Round "5.4"]
[White "Wellßow, Keoki"]
[Black "Janssen, Joris Frederik"]
[Result "1/2-1/2"]
[WhiteElo "1544"]
[BlackElo "1291"]
[PlyCount "67"]
[EventDate "2020.??.??"]
[EventRounds "7"]
[WhiteTeam "SG Jasmund"]
[BlackTeam "TuS Makkabi Rostock"]

{[%evp 0,1,16,-12]} 1. c4 Nf6 2. g3 g6 3. Bg2 Bg7 4. Nc3 d6 5. e3 Nc6 6. Nge2
Bd7 7. O-O O-O 8. a3 Rb8 9. b4 Ne5 10. d3 Ne8 11. f4 Nc6 12. Bd2 f5 13. Rb1 a6
14. a4 Na7 15. b5 axb5 16. axb5 Kh8 17. Ra1 Nc8 18. Ra3 Nb6 19. Qb3 Nf6 20. Ra7
c6 21. bxc6 bxc6 22. Rb1 Na8 23. Qxb8 Qxb8 24. Rxb8 Rxb8 25. Nd4 c5 26. Ndb5
Nb6 27. Na4 Nxa4 28. Rxa4 Kg8 29. Ra8 Rxa8 30. Bxa8 Kf7 31. h3 h6 32. Bc3 Bf8
33. Kg2 g5 34. Bb7 1/2-1/2

[Event "LEM Nachwuchs M-V u14 08.-12.02.2020"]
[Site "Aula Fleesenseeschule Malchow"]
[Date "2020.02.11"]
[Round "5.5"]
[White "Börger, Dan"]
[Black "Kirchner, Bao Long Marc"]
[Result "1/2-1/2"]
[WhiteElo "1431"]
[BlackElo "1222"]
[PlyCount "43"]
[EventDate "2020.??.??"]
[EventRounds "7"]
[WhiteTeam "SC Mecklenburger Springer"]
[BlackTeam "TuS Makkabi Rostock"]

1. e4 e5 2. Nf3 Nc6 3. Bc4 Nf6 4. d3 Bc5 5. Nc3 d6 6. Bg5 Be6 7. Nd5 Bxd5 8.
Bxd5 O-O 9. O-O Rb8 10. c3 a6 11. b4 Ba7 12. h3 Qe7 13. Nh2 Nd8 14. Ng4 Ne6 15.
Nxf6+ gxf6 16. Bh6 Rfe8 17. Kh1 Kh8 18. f4 Be3 19. g3 Rg8 20. Rf3 exf4 21. Bxe6
Qxe6 22. Qf1 1/2-1/2

[Event "LEM Nachwuchs M-V u14 08.-12.02.2020"]
[Site "Aula Fleesenseeschule Malchow"]
[Date "2020.02.11"]
[Round "5.6"]
[White "Subocz, Gabriel"]
[Black "Karff, Tom"]
[Result "0-1"]
[WhiteElo "1411"]
[BlackElo "1301"]
[PlyCount "76"]
[EventDate "2020.??.??"]
[EventRounds "7"]
[WhiteTeam "SAV Torgelow"]
[BlackTeam "SV Malchow"]

1. e4 e5 2. Nf3 Nc6 3. Bc4 Bc5 4. d3 Nf6 5. Nc3 h6 6. Be3 Bb6 7. O-O d6 8. Nd5
Nxd5 9. Bxd5 Ne7 10. c3 Nxd5 11. exd5 Bg4 12. h3 Bh5 13. b4 Qf6 14. Rc1 Bxf3
15. Qxf3 Qxf3 16. gxf3 f5 17. f4 g5 18. fxg5 hxg5 19. Kh2 g4 20. Rg1 Rxh3+ 21.
Kg2 Bxe3 22. fxe3 Rxe3 23. Rh1 O-O-O 24. Rcd1 f4 25. Rh4 Re2+ 26. Kg1 g3 27.
Rf1 Rxa2 28. Rf3 Rc2 29. c4 a6 30. Rh7 Rb2 31. c5 Rxb4 32. cxd6 cxd6 33. d4
Rxd4 34. Rc3+ Kb8 35. Rcc7 Rb4 36. Rhd7 Rxd7 37. Rxd7 f3 38. Rd8+ Kc7 0-1

[Event "LEM Nachwuchs M-V u14 08.-12.02.2020"]
[Site "Aula Fleesenseeschule Malchow"]
[Date "2020.02.11"]
[Round "5.7"]
[White "Maeno, Yosuke"]
[Black "Hampe, Tobias"]
[Result "1-0"]
[WhiteElo "1330"]
[BlackElo "1075"]
[PlyCount "63"]
[EventDate "2020.??.??"]
[EventRounds "7"]
[WhiteTeam "SF Schwerin"]
[BlackTeam "Lok Pritzwalk"]

1. Nf3 g6 2. g3 Nf6 3. Bg2 Bg7 4. c4 d6 5. Nc3 Be6 6. d3 O-O 7. O-O Nbd7 8. Nd4
c6 9. Nxe6 fxe6 10. Rb1 d5 11. Bh3 e5 12. cxd5 cxd5 13. Nxd5 Nxd5 14. Be6+ Kh8
15. Bxd5 Qb6 16. Be3 Qa6 17. Qb3 Rab8 18. Qa3 Qxa3 19. bxa3 b6 20. Rfc1 Nf6 21.
Bf3 Rfc8 22. a4 e6 23. a5 Nd5 24. Rxc8+ Rxc8 25. axb6 axb6 26. Bxb6 Rb8 27.
Bxd5 exd5 28. a4 Kg8 29. a5 Kf7 30. a6 Ke6 31. a7 Ra8 32. Bc5 1-0

[Event "LEM Nachwuchs M-V u14 08.-12.02.2020"]
[Site "Aula Fleesenseeschule Malchow"]
[Date "2020.02.11"]
[Round "5.8"]
[White "Hägert, Luisa"]
[Black "Bohndorf, Jonas"]
[Result "0-1"]
[WhiteElo "787"]
[BlackElo "1239"]
[PlyCount "50"]
[EventDate "2020.??.??"]
[EventRounds "7"]
[WhiteTeam "SG Güstrow"]
[BlackTeam "SV Gryps"]

1. e4 e5 2. Nf3 Nc6 3. Bc4 Nf6 4. Nc3 Nxe4 5. Nxe4 d5 6. Bxd5 Qxd5 7. Nc3 Qd8
8. d3 Bg4 9. O-O Nd4 10. Be3 Nxf3+ 11. gxf3 Bh3 12. Re1 Qf6 13. Ne4 Qg6+ 14.
Ng3 O-O-O 15. Bd2 Bd6 16. Bc3 f5 17. Bxe5 Bxe5 18. Rxe5 f4 19. Rh5 Bd7 20. Ra5
Kb8 21. Qd2 fxg3 22. fxg3 Qb6+ 23. Kg2 Qxb2 24. Qd1 Qb4 25. Rg5 Qd4 0-1

[Event "LEM Nachwuchs M-V u14 08.-12.02.2020"]
[Site "Aula Fleesenseeschule Malchow"]
[Date "2020.02.11"]
[Round "5.9"]
[White "Bieschke, Tom"]
[Black "Köpnick, Amanda"]
[Result "1/2-1/2"]
[WhiteElo "1144"]
[BlackElo "1030"]
[PlyCount "64"]
[EventDate "2020.??.??"]
[EventRounds "7"]
[WhiteTeam "SG Neubrandenburg"]
[BlackTeam "TuS Makkabi Rostock"]

1. e4 e5 2. Nf3 Nc6 3. Bc4 Bc5 4. d3 h6 5. Be3 Bb6 6. Nc3 Nf6 7. Nd5 Bxe3 8.
fxe3 O-O 9. O-O d6 10. h3 Na5 11. Nxf6+ Qxf6 12. Nd2 Qg5 13. Qf3 Nxc4 14. Nxc4
b6 15. d4 exd4 16. exd4 Bb7 17. Ne3 Rae8 18. d5 c6 19. c4 cxd5 20. cxd5 Qe5 21.
Nf5 Qxe4 22. Qxe4 Rxe4 23. Nxd6 Re7 24. Nxb7 Rxb7 25. Rad1 Rd7 26. Rf2 Rfd8 27.
Rfd2 a5 28. Kf2 f6 29. Kf3 Kf7 30. Kf4 g6 31. Rd4 Rd6 32. b3 b5 1/2-1/2

[Event "LEM Nachwuchs M-V u14 08.-12.02.2020"]
[Site "Aula Fleesenseeschule Malchow"]
[Date "2020.02.11"]
[Round "6.1"]
[White "Tovmasyan, Minas"]
[Black "Lippitz, Jaden"]
[Result "1/2-1/2"]
[WhiteElo "1652"]
[BlackElo "1337"]
[PlyCount "100"]
[EventDate "2020.??.??"]
[EventRounds "7"]
[WhiteTeam "TuS Makkabi Rostock"]
[BlackTeam "SG Güstrow"]

1. d4 d5 2. c4 e6 3. Nf3 Nf6 4. Nc3 b6 5. Bg5 Be7 6. e3 O-O 7. Bd3 Bb7 8. Qc2
Nbd7 9. cxd5 exd5 10. O-O h6 11. Bh4 Ne4 12. Bg3 Nxc3 13. bxc3 Nf6 14. c4 Bd6
15. c5 Bxg3 16. hxg3 Qe7 17. Rfc1 Ng4 18. Rab1 h5 19. a4 Bc8 20. Bf5 Bxf5 21.
Qxf5 Nf6 22. Rb2 Qd7 23. Qxd7 Nxd7 24. cxb6 cxb6 25. Rc7 Rfd8 26. Rbc2 a6 27.
Rb7 Rab8 28. Ra7 Ra8 29. Rb7 Rab8 30. Rcc7 Rxb7 31. Rxb7 f6 32. Ra7 a5 33. Kf1
Kf7 34. Ke2 Ke6 35. Rc7 Rb8 36. Rc6+ Ke7 37. Nh4 b5 38. Nf5+ Kf8 39. axb5 a4
40. Ra6 Rxb5 41. Rxa4 Rb2+ 42. Kf3 g5 43. g4 hxg4+ 44. Kg3 Kf7 45. Ra7 Ke6 46.
Ng7+ Ke7 47. Nf5+ Kd8 48. Ra5 Nb6 49. Kxg4 Rxf2 50. Rb5 Kc7 1/2-1/2

[Event "LEM Nachwuchs M-V u14 08.-12.02.2020"]
[Site "Aula Fleesenseeschule Malchow"]
[Date "2020.02.11"]
[Round "6.2"]
[White "Scharf, Christian"]
[Black "Schott, Andy"]
[Result "1/2-1/2"]
[WhiteElo "1050"]
[BlackElo "1485"]
[PlyCount "56"]
[EventDate "2020.??.??"]
[EventRounds "7"]
[WhiteTeam "SG Güstrow"]
[BlackTeam "SG Güstrow"]

1. e4 e5 2. Nf3 Nc6 3. Bb5 a6 4. Ba4 Nf6 5. O-O b5 6. Bb3 Be7 7. Re1 d6 8. c3
O-O 9. h3 Bb7 10. d4 h6 11. Nbd2 Re8 12. a4 exd4 13. cxd4 d5 14. axb5 axb5 15.
Rxa8 Bxa8 16. e5 Nh7 17. Qe2 b4 18. e6 f6 19. Bc2 Nf8 20. Qd3 Bd6 21. Nh4 Rxe6
22. Rxe6 Nxe6 23. Qh7+ Kf8 24. Ndf3 Bb7 25. Ng6+ Kf7 26. Bxh6 Qg8 27. Nh8+ Kf8
28. Ng6+ Kf7 1/2-1/2

[Event "LEM Nachwuchs M-V u14 08.-12.02.2020"]
[Site "Aula Fleesenseeschule Malchow"]
[Date "2020.02.11"]
[Round "6.3"]
[White "Breß, Amy Charlize"]
[Black "Maeno, Yosuke"]
[Result "1-0"]
[WhiteElo "1473"]
[BlackElo "1330"]
[PlyCount "99"]
[EventDate "2020.??.??"]
[EventRounds "7"]
[WhiteTeam "SAV Torgelow"]
[BlackTeam "SF Schwerin"]

1. e4 c5 2. Nf3 Nc6 3. d4 cxd4 4. Nxd4 g6 5. Nc3 Bg7 6. Be3 e6 7. Be2 Nge7 8.
O-O O-O 9. Qd2 Bh8 10. f4 d5 11. exd5 Nxd4 12. Bxd4 Bxd4+ 13. Qxd4 Nxd5 14.
Nxd5 Qxd5 15. Qxd5 exd5 16. Rad1 Rd8 17. Rd2 Bf5 18. Bd3 Bxd3 19. Rxd3 Rac8 20.
c3 d4 21. Rfd1 Kg7 22. Rxd4 Rxd4 23. Rxd4 Rc7 24. Kf2 Re7 25. c4 Kf6 26. c5 Kf5
27. h3 h5 28. Kf3 Kf6 29. Rd6+ Re6 30. Rxe6+ Kxe6 31. Ke4 f5+ 32. Kd4 a6 33. b4
Kd7 34. Kd5 Ke7 35. a4 Kd7 36. b5 a5 37. c6+ bxc6+ 38. bxc6+ Kc7 39. Kc5 Kc8
40. Kb6 Kb8 41. Kxa5 Kc7 42. Kb5 h4 43. a5 g5 44. fxg5 f4 45. g6 f3 46. gxf3
Kb8 47. g7 Ka7 48. c7 Kb7 49. g8=Q Ka7 50. Qb8# 1-0

[Event "LEM Nachwuchs M-V u14 08.-12.02.2020"]
[Site "Aula Fleesenseeschule Malchow"]
[Date "2020.02.11"]
[Round "6.4"]
[White "Karff, Tom"]
[Black "Kirchner, Bao Long Marc"]
[Result "1/2-1/2"]
[WhiteElo "1301"]
[BlackElo "1222"]
[PlyCount "60"]
[EventDate "2020.??.??"]
[EventRounds "7"]
[WhiteTeam "SV Malchow"]
[BlackTeam "TuS Makkabi Rostock"]

1. e4 e5 2. Nf3 Nc6 3. Bc4 Nf6 4. d3 Bc5 5. Nc3 O-O 6. Bg5 Be7 7. Qd2 h6 8. Be3
Ng4 9. h3 Nxe3 10. Qxe3 Kh8 11. O-O-O Nd4 12. Kb1 Bf6 13. Nd5 c5 14. Nxf6 Qxf6
15. c3 Nxf3 16. Qxf3 Qxf3 17. gxf3 d6 18. Rdg1 Be6 19. Bxe6 fxe6 20. Rg3 Rf4
21. Rhg1 g5 22. Re1 Kg7 23. Kc2 Kg6 24. Kd2 h5 25. Ke3 h4 26. Rg4 Raf8 27. Rxf4
Rxf4 28. Rg1 d5 29. Rg4 d4+ 30. Ke2 Rxg4 1/2-1/2

[Event "LEM Nachwuchs M-V u14 08.-12.02.2020"]
[Site "Aula Fleesenseeschule Malchow"]
[Date "2020.02.11"]
[Round "6.5"]
[White "Bohndorf, Jonas"]
[Black "Wellßow, Keoki"]
[Result "0-1"]
[WhiteElo "1239"]
[BlackElo "1544"]
[PlyCount "54"]
[EventDate "2020.??.??"]
[EventRounds "7"]
[WhiteTeam "SV Gryps"]
[BlackTeam "SG Jasmund"]

1. e4 d6 2. Nf3 g6 3. d4 Bg7 4. Nc3 Nf6 5. Bg5 O-O 6. Bc4 a6 7. Qd2 b5 8. Bb3
Bb7 9. d5 c5 10. a3 Nbd7 11. O-O b4 12. axb4 cxb4 13. Ne2 Nxe4 14. Qxb4 Nxg5
15. Nxg5 Nc5 16. Qh4 h6 17. Nf3 Nxb3 18. cxb3 Bxd5 19. Nd2 e6 20. Qh3 Bxb2 21.
Qxh6 Bxa1 22. Rxa1 Qf6 23. Re1 Rfc8 24. Nf4 Qh8 25. Qg5 Rc2 26. Nxg6 fxg6 27.
Qxg6+ Qg7 0-1

[Event "LEM Nachwuchs M-V u14 08.-12.02.2020"]
[Site "Aula Fleesenseeschule Malchow"]
[Date "2020.02.11"]
[Round "6.6"]
[White "Janssen, Joris Frederik"]
[Black "Börger, Dan"]
[Result "1/2-1/2"]
[WhiteElo "1291"]
[BlackElo "1431"]
[PlyCount "44"]
[EventDate "2020.??.??"]
[EventRounds "7"]
[WhiteTeam "TuS Makkabi Rostock"]
[BlackTeam "SC Mecklenburger Springer"]

1. d4 Nf6 2. Bf4 d5 3. Nf3 Bf5 4. e3 e6 5. Nbd2 c5 6. c4 Nc6 7. a3 a5 8. dxc5
Bxc5 9. Be2 Ne4 10. O-O f6 11. Nxe4 Bxe4 12. cxd5 Bxd5 13. Rc1 Be7 14. Bc4 Bxc4
15. Qxd8+ Rxd8 16. Rxc4 e5 17. Bg3 g5 18. h3 h5 19. h4 g4 20. Nh2 Rd2 21. Rb1
f5 22. Kf1 Kf7 1/2-1/2

[Event "LEM Nachwuchs M-V u14 08.-12.02.2020"]
[Site "Aula Fleesenseeschule Malchow"]
[Date "2020.02.11"]
[Round "6.7"]
[White "Quade, Luca"]
[Black "Köpnick, Amanda"]
[Result "1-0"]
[WhiteElo "1414"]
[BlackElo "1030"]
[PlyCount "79"]
[EventDate "2020.??.??"]
[EventRounds "7"]
[WhiteTeam "SF Schwerin"]
[BlackTeam "TuS Makkabi Rostock"]

1. e4 e5 2. Nf3 Nc6 3. Bc4 Bc5 4. b4 Bxb4 5. c3 Bc5 6. d4 exd4 7. cxd4 Bb4+ 8.
Nbd2 Qe7 9. O-O d6 10. d5 Ne5 11. Qa4+ c6 12. Qxb4 Nf6 13. Nxe5 Qxe5 14. Bb2
Qg5 15. Bxf6 gxf6 16. g3 O-O 17. Nf3 Qg4 18. Be2 cxd5 19. Qxd6 dxe4 20. Nd4 Qg6
21. Qf4 Re8 22. Nb5 Re7 23. Nc7 Rxc7 24. Qxc7 Bh3 25. Qxb7 Re8 26. Rac1 e3 27.
f3 Kg7 28. Rc7 h5 29. Re1 h4 30. g4 f5 31. Bd3 Bxg4 32. fxg4 Qxg4+ 33. Qg2
Qxg2+ 34. Kxg2 f4 35. Kf3 Re6 36. Kxf4 Rf6+ 37. Kxe3 Re6+ 38. Kd2 Rd6 39. Rg1+
Kf6 40. Rf1+ 1-0

[Event "LEM Nachwuchs M-V u14 08.-12.02.2020"]
[Site "Aula Fleesenseeschule Malchow"]
[Date "2020.02.11"]
[Round "6.8"]
[White "Hampe, Tobias"]
[Black "Subocz, Gabriel"]
[Result "1/2-1/2"]
[WhiteElo "1075"]
[BlackElo "1411"]
[PlyCount "55"]
[EventDate "2020.??.??"]
[EventRounds "7"]
[WhiteTeam "Lok Pritzwalk"]
[BlackTeam "SAV Torgelow"]

1. e4 e5 2. Nf3 Nc6 3. Bc4 Bc5 4. d3 Nf6 5. Nc3 d6 6. h3 Be6 7. Bb3 Nd4 8. Nxd4
Bxd4 9. Be3 Bb6 10. O-O Qd7 11. Bxb6 axb6 12. Bxe6 fxe6 13. Qd2 O-O 14. f4 exf4
15. Rxf4 e5 16. Rf3 Qe8 17. Raf1 Qg6 18. Nd5 Nxd5 19. Rxf8+ Rxf8 20. Rxf8+ Kxf8
21. exd5 Qf7 22. Qf2 Ke7 23. Qxf7+ Kxf7 24. Kf2 Kf6 25. Kf3 Kf5 26. a4 g6 27.
b3 h6 28. g3 1/2-1/2

[Event "LEM Nachwuchs M-V u14 08.-12.02.2020"]
[Site "Aula Fleesenseeschule Malchow"]
[Date "2020.02.11"]
[Round "6.9"]
[White "Klöpzig, Lars Arvid"]
[Black "Bieschke, Tom"]
[Result "1-0"]
[WhiteElo "1304"]
[BlackElo "1144"]
[PlyCount "69"]
[EventDate "2020.??.??"]
[EventRounds "7"]
[WhiteTeam "SV Gryps"]
[BlackTeam "SG Neubrandenburg"]

1. e4 d6 2. d4 Nf6 3. Nc3 g6 4. Nf3 Bg7 5. Bc4 O-O 6. Bg5 Nbd7 7. Qd2 c5 8. d5
a6 9. a4 Ng4 10. O-O Nge5 11. Nxe5 Nxe5 12. Bb3 Bd7 13. f4 Ng4 14. h3 Ne3 15.
Rf3 Bd4 16. Rxe3 Bxe3+ 17. Qxe3 b5 18. Ne2 bxa4 19. Bxa4 Bxa4 20. Rxa4 Qd7 21.
Ra1 e6 22. Qc3 e5 23. fxe5 Ra7 24. Bh6 Re8 25. e6 fxe6 26. Rf1 e5 27. Qf3 Qe7
28. h4 Qf7 29. Qg3 Qe7 30. h5 a5 31. hxg6 hxg6 32. Qxg6+ Kh8 33. Qh5 Kg8 34.
Rf3 Qh7 35. Qxe8# 1-0

[Event "LEM Nachwuchs M-V u14 08.-12.02.2020"]
[Site "Aula Fleesenseeschule Malchow"]
[Date "2020.02.11"]
[Round "6.10"]
[White "Wilke, Finja"]
[Black "Hägert, Luisa"]
[Result "1-0"]
[WhiteElo "923"]
[BlackElo "787"]
[PlyCount "61"]
[EventDate "2020.??.??"]
[EventRounds "7"]
[WhiteTeam "SAV Torgelow"]
[BlackTeam "SG Güstrow"]

1. e4 e5 2. Nf3 Nc6 3. Nc3 Nf6 4. Bb5 d6 5. d4 exd4 6. Nxd4 Bd7 7. O-O a6 8.
Bxc6 bxc6 9. Re1 Be7 10. Bg5 O-O 11. Qf3 h6 12. Bxf6 Bxf6 13. Nde2 Be6 14. Nf4
Re8 15. Re3 Bg5 16. Nce2 d5 17. Rd1 Rb8 18. exd5 cxd5 19. Nxe6 fxe6 20. Re5 Bf6
21. Rh5 Rxb2 22. Qg4 Kh7 23. Nf4 Qb8 24. Qg6+ Kg8 25. h3 Bg5 26. Nxe6 Bf6 27.
Rxh6 Rxe6 28. Qh7+ Kf7 29. Rxd5 Re7 30. Rxf6+ Kxf6 31. Qf5# 1-0